[Event "Tula Afromeev Memorial"]
[Site "Tula"]
[Date "2005.07.28"]
[Round "9"]
[White "Kozlov, Viktor Mihail"]
[Black "Yagupov, Igor"]
[Result "0-1"]
[WhiteElo "2338"]
[BlackElo "2512"]
[PlyCount "176"]
[EventDate "2005.07.20"]
[EventType "tourn"]
[EventRounds "11"]
[EventCountry "RUS"]
[EventCategory "6"]
[SourceTitle "EXT 2006"]
[Source "ChessBase"]
[SourceDate "2005.11.24"]
[SourceVersion "1"]
[SourceVersionDate "2005.11.24"]
[SourceQuality "1"]

1. d4 d5 2. c4 c6 3. Nf3 Nf6 4. e3 Bf5 5. Nc3 e6 6. Nh4 Bg6 7. Qb3 Qc7 8. Bd2 Ne4 9. Nxe4 Bxe4 10. f3 dxc4 11. Bxc4 Bd5 12. Bxd5 cxd5 13. Rc1 Nc6 14. g3 Qd7 15. f4 Bd6 16. Nf3 0-0 17. 0-0 Rfc8 18. Kg2 Rab8 19. Qd3 Ne7 20. Rxc8+ Rxc8 21. Rc1 Rxc1 22. Bxc1 Qa4 23. Qb3 Qxb3 24. axb3 Kf8 25. Bd2 Ng8 26. Kf2 Nf6 27. Ke2 h6 28. Ne1 g5 29. Nd3 Kg7 30. Bb4 Bxb4 31. Nxb4 g4 32. Nd3 Ne4 33. Ne5 h5 34. Nd3 Kf6 35. Ne5 Ke7 36. Kd3 Nd6 37. Ke2 Nf5 38. Kf2 f6 39. Nd3 h4 40. gxh4 Nxh4 41. Ne1 Nf5 42. Nd3 b6 43. Ke2 Nh4 44. Kf2 a5 45. Kg3 Nf5+ 46. Kf2 Kd7 47. Ke2 Nh4 48. Kf2 Nf5 49. Ke2 Nh4 50. Kf2 Ke7 51. Ne1 Nf5 52. Ke2 Kf7 53. Ng2 Nd6 54. Nh4 Kg7 55. Kd3 Kh6 56. Ke2 Kh5 57. Ng2 Nf5 58. Kf2 b5 59. Ke2 Nd6 60. Kd3 f5 61. Ke2 Ne4 62. Kd3 Nd6 63. Ke2 Nf7 64. Kf2 Nd6 65. Ke2 Nc8 66. Kd2 Ne7 67. Ke2 Nc6 68. Kd2 Ne7 69. Ke2 Nc8 70. Kd2 Nb6 71. Kd3 Nc8 72. Ke2 Ne7 73. Kf2 Nc8 74. Ke2 Nd6 75. Kd3 Ne4 76. Ke2 Nf6 77. Kf2 Ne8 78. Ke2 Nd6 79. Kd3 Kh6 80. Kc3 Nf7 81. Kd3 Kh5 82. Ke2 a4 83. Kd2 Nh8 84. bxa4 bxa4 85. Ke2 Nf7 86. Kf2 Nd6 87. Ne1 Nc4 88. Nd3 Nxb2 0-1

[Event "Tula Afromeev Memorial"]
[Site "Tula"]
[Date "2005.07.23"]
[Round "4"]
[White "Saulin, Dmitri"]
[Black "Kozlov, Viktor Mihail"]
[Result "1-0"]
[WhiteElo "2446"]
[BlackElo "2338"]
[PlyCount "55"]
[EventDate "2005.07.20"]
[EventType "tourn"]
[EventRounds "11"]
[EventCountry "RUS"]
[EventCategory "6"]
[SourceTitle "EXT 2006"]
[Source "ChessBase"]
[SourceDate "2005.11.24"]
[SourceVersion "1"]
[SourceVersionDate "2005.11.24"]
[SourceQuality "1"]

1. e4 e6 2. d4 d5 3. Nc3 Nf6 4. Bg5 Be7 5. e5 Nfd7 6. Bxe7 Qxe7 7. f4 0-0 8. Nf3 c5 9. Qd2 Nc6 10. 0-0-0 f6 11. exf6 Qxf6 12. g3 cxd4 13. Nb5 Nc5 14. Nbxd4 Bd7 15. Qe3 Nxd4 16. Nxd4 Rac8 17. Bg2 a5 18. h4 b5 19. h5 b4 20. h6 g6 21. Rhf1 a4 22. Kb1 Rc7 23. g4 Re8 24. g5 Qf7 25. Qe5 Rcc8 26. Rfe1 Kf8 27. f5 gxf5 28. Bf3 1-0

[Event "RUS-ch Seniors"]
[Site "Tula"]
[Date "2004.05.18"]
[Round "9"]
[White "Zakharov, Alexander V"]
[Black "Kozlov, Viktor Mihail"]
[Result "1-0"]
[WhiteElo "2425"]
[BlackElo "2319"]
[PlyCount "47"]
[EventDate "2004.05.??"]
[EventType "swiss"]
[EventRounds "9"]
[EventCountry "RUS"]
[SourceTitle "EXT 2005"]
[Source "ChessBase"]
[SourceDate "2004.11.15"]
[SourceVersion "1"]
[SourceVersionDate "2004.11.15"]
[SourceQuality "1"]

1. d4 e6 2. Nf3 f5 3. Bg5 Be7 4. Bxe7 Qxe7 5. Nbd2 Nf6 6. e3 0-0 7. Bd3 d5 8. c4 c6 9. 0-0 Ne4 10. Ne5 Nxd2 11. Qxd2 Nd7 12. Nf3 b6 13. Qc2 Ba6 14. Rac1 dxc4 15. Bxc4 Bxc4 16. Qxc4 c5 17. Rfd1 Kh8 18. a3 Rfd8 19. h3 Nf6 20. Ne5 Rd5 21. b4 cxd4 22. exd4 Ne8 23. Re1 Nd6 24. Qxd5 1-0

[Event "RUS Central Region-ch"]
[Site "Tula"]
[Date "2004.03.20"]
[Round "7"]
[White "Fomin, Andrey"]
[Black "Kozlov, Viktor Mihail"]
[Result "1/2-1/2"]
[WhiteElo "2032"]
[BlackElo "2319"]
[PlyCount "26"]
[EventDate "2004.03.14"]
[EventType "swiss"]
[EventRounds "9"]
[EventCountry "RUS"]
[SourceTitle "EXT 2005"]
[Source "ChessBase"]
[SourceDate "2004.11.15"]
[SourceVersion "1"]
[SourceVersionDate "2004.11.15"]
[SourceQuality "1"]

1. e4 c5 2. c3 e6 3. Nf3 d5 4. exd5 exd5 5. d4 Nc6 6. Be3 c4 7. b3 cxb3 8. axb3 Bd6 9. Bd3 Nge7 10. Qc2 h6 11. 0-0 0-0 12. Re1 Bg4 13. Nbd2 Rc8 1/2-1/2

[Event "RUS Central Region-ch"]
[Site "Tula"]
[Date "2004.03.18"]
[Round "5"]
[White "Kozlov, Viktor Mihail"]
[Black "Korovianski, Dmitry"]
[Result "1/2-1/2"]
[WhiteElo "2319"]
[BlackElo "2259"]
[PlyCount "52"]
[EventDate "2004.03.14"]
[EventType "swiss"]
[EventRounds "9"]
[EventCountry "RUS"]
[SourceTitle "EXT 2005"]
[Source "ChessBase"]
[SourceDate "2004.11.15"]
[SourceVersion "1"]
[SourceVersionDate "2004.11.15"]
[SourceQuality "1"]

1. d4 d5 2. c4 e6 3. Nf3 Nf6 4. Bg5 Bb4+ 5. Bd2 Be7 6. g3 0-0 7. Qc2 c5 8. Bg2 cxd4 9. Nxd4 Nc6 10. Bc3 Qb6 11. Nxc6 bxc6 12. 0-0 Ba6 13. cxd5 cxd5 14. Qd2 Rab8 15. Bd4 Bc5 16. Bxc5 Qxc5 17. Rc1 Qb6 18. b3 Rfd8 19. Nc3 d4 20. Na4 Qb5 21. Rc2 Qf5 22. Nc5 Bxe2 23. Qxe2 d3 24. Nxd3 Rxd3 25. Rac1 Rbd8 26. Rc8 h5 1/2-1/2

[Event "Alushta Autumn 3rd"]
[Site "Alushta"]
[Date "2002.10.05"]
[Round "11"]
[White "Kozlov, Viktor Mihail"]
[Black "Gasanov, Eldar"]
[Result "1/2-1/2"]
[WhiteElo "2340"]
[BlackElo "2471"]
[PlyCount "48"]
[EventDate "2002.09.27"]
[EventType "tourn"]
[EventRounds "13"]
[EventCountry "UKR"]
[EventCategory "8"]
[SourceTitle "CBM 090 Extra"]
[Source "ChessBase"]
[SourceDate "2002.11.07"]
[SourceVersion "1"]
[SourceVersionDate "2002.11.07"]
[SourceQuality "1"]

1. e4 c5 2. Nf3 d6 3. d4 Nf6 4. Nc3 cxd4 5. Nxd4 a6 6. Be2 e6 7. 0-0 Be7 8. f4 0-0 9. a4 Nc6 10. Be3 Qc7 11. Kh1 Rd8 12. Qe1 Nxd4 13. Bxd4 e5 14. Be3 exf4 15. Rxf4 Be6 16. Qg3 d5 17. exd5 Nxd5 18. Nxd5 Rxd5 19. Bd3 Bd6 20. Qh4 g6 21. Rc4 Qd7 22. Qf2 Be5 23. Rb4 Qe7 24. Rb6 Rad8 1/2-1/2

[Event "Alushta Autumn 3rd"]
[Site "Alushta"]
[Date "2002.10.03"]
[Round "9"]
[White "Kozlov, Viktor Mihail"]
[Black "Kurnosov, Igor"]
[Result "0-1"]
[WhiteElo "2340"]
[BlackElo "2433"]
[PlyCount "46"]
[EventDate "2002.09.27"]
[EventType "tourn"]
[EventRounds "13"]
[EventCountry "UKR"]
[EventCategory "8"]
[SourceTitle "CBM 090 Extra"]
[Source "ChessBase"]
[SourceDate "2002.11.07"]
[SourceVersion "1"]
[SourceVersionDate "2002.11.07"]
[SourceQuality "1"]

1. d4 Nf6 2. c4 g6 3. Nc3 Bg7 4. e4 d6 5. f3 0-0 6. Be3 Nc6 7. Nge2 a6 8. Qd2 Re8 9. h4 h5 10. 0-0-0 b5 11. Nd5 bxc4 12. g4 hxg4 13. Nxf6+ Bxf6 14. h5 e5 15. d5 Nd4 16. Nxd4 exd4 17. Bxd4 Bxd4 18. Qxd4 Qg5+ 19. Rd2 gxh5 20. fxg4 Bxg4 21. Bh3 f5 22. exf5 Bxh3 23. Rxh3 Re1+ 0-1

[Event "Alushta Autumn 3rd"]
[Site "Alushta"]
[Date "2002.10.01"]
[Round "6"]
[White "Kayumov, Dimitry"]
[Black "Kozlov, Viktor Mihail"]
[Result "1/2-1/2"]
[WhiteElo "2460"]
[BlackElo "2340"]
[PlyCount "90"]
[EventDate "2002.09.27"]
[EventType "tourn"]
[EventRounds "13"]
[EventCountry "UKR"]
[EventCategory "8"]
[SourceTitle "CBM 090 Extra"]
[Source "ChessBase"]
[SourceDate "2002.11.07"]
[SourceVersion "1"]
[SourceVersionDate "2002.11.07"]
[SourceQuality "1"]

1. e4 e6 2. d4 d5 3. Nc3 Nf6 4. Bg5 dxe4 5. Nxe4 Be7 6. Bxf6 gxf6 7. Qd2 f5 8. Nc3 Bf6 9. 0-0-0 c5 10. d5 e5 11. f4 0-0 12. Kb1 e4 13. Nge2 Re8 14. Qe3 Qb6 15. h3 Nd7 16. g4 Nf8 17. Rg1 Kh8 18. a3 Bd7 19. g5 Bg7 20. h4 Kg8 21. h5 Qd6 22. h6 Bh8 23. Ng3 Ng6 24. Nce2 Qb6 25. c3 Qd6 26. Bh3 Nh4 27. Nh5 Rac8 28. Neg3 Kf8 29. Rh1 Qg6 30. Bf1 Nf3 31. Be2 Ba4 32. Rdf1 Nd4 33. Bd1 Bb5 34. Ng7 Bd3+ 35. Ka1 Qa6 36. cxd4 cxd4 37. Qd2 Rc3 38. Bc2 Rxa3+ 39. bxa3 Qxa3+ 40. Kb1 Qb3+ 41. Kc1 Qa3+ 42. Kd1 Rc8 43. Rh2 Rxc2 44. Qxc2 Bxc2+ 45. Rxc2 Qd3+ 1/2-1/2

[Event "Alushta Autumn 3rd"]
[Site "Alushta"]
[Date "2002.09.28"]
[Round "2"]
[White "Kozlov, Viktor Mihail"]
[Black "Belikov, Vladimir"]
[Result "1/2-1/2"]
[WhiteElo "2340"]
[BlackElo "2487"]
[PlyCount "70"]
[EventDate "2002.09.27"]
[EventType "tourn"]
[EventRounds "13"]
[EventCountry "UKR"]
[EventCategory "8"]
[SourceTitle "CBM 090 Extra"]
[Source "ChessBase"]
[SourceDate "2002.11.07"]
[SourceVersion "1"]
[SourceVersionDate "2002.11.07"]
[SourceQuality "1"]

1. d4 Nf6 2. c4 e6 3. Nc3 Bb4 4. e3 0-0 5. Bd3 d5 6. Nge2 c5 7. cxd5 cxd4 8. exd4 Nxd5 9. 0-0 Nc6 10. Qc2 g6 11. Bh6 Re8 12. Rad1 Bd6 13. Qc1 Ncb4 14. Be4 Nxc3 15. bxc3 Qh4 16. Ng3 Nxa2 17. Qe3 f6 18. Rd3 g5 19. Ra1 Qxh6 20. Rxa2 Rf8 21. Nf1 f5 22. Bf3 Qg6 23. Rd1 g4 24. Be2 Bd7 25. Bd3 Rfe8 26. Rb1 Bc6 27. Bb5 f4 28. Qe1 e5 29. Bc4+ Kh8 30. d5 Bd7 31. Rxb7 Bf5 32. Rbxa7 Rxa7 33. Rxa7 Rb8 34. Ra6 Rb1 35. Qd2 f3 1/2-1/2

[Event "Alushta Autumn 3rd"]
[Site "Alushta"]
[Date "2002.09.27"]
[Round "1"]
[White "Kayumov, Sergey"]
[Black "Kozlov, Viktor Mihail"]
[Result "1/2-1/2"]
[WhiteElo "2267"]
[BlackElo "2340"]
[PlyCount "41"]
[EventDate "2002.09.27"]
[EventType "tourn"]
[EventRounds "13"]
[EventCountry "UKR"]
[EventCategory "8"]
[SourceTitle "CBM 090 Extra"]
[Source "ChessBase"]
[SourceDate "2002.11.07"]
[SourceVersion "1"]
[SourceVersionDate "2002.11.07"]
[SourceQuality "1"]

1. e4 c5 2. Nf3 e6 3. d4 cxd4 4. Nxd4 Nc6 5. Nc3 d6 6. Be2 Nf6 7. 0-0 Be7 8. Kh1 0-0 9. f4 Bd7 10. Be3 Nxd4 11. Bxd4 Bc6 12. Qd3 Nd7 13. Rad1 e5 14. Be3 exf4 15. Bxf4 Ne5 16. Bxe5 dxe5 17. Qxd8 Raxd8 18. Rxd8 Bxd8 19. Bc4 g6 20. Bd5 Kg7 21. Rd1 1/2-1/2

[Event "Alushta 100 anniv"]
[Site "Alushta"]
[Date "2002.04.19"]
[Round "?"]
[White "Kozlov, Viktor Mihail"]
[Black "Ovsejevitsch, Sergei"]
[Result "1/2-1/2"]
[WhiteElo "2325"]
[BlackElo "2529"]
[PlyCount "42"]
[EventDate "2002.04.19"]
[EventType "tourn"]
[EventRounds "13"]
[EventCountry "UKR"]
[EventCategory "8"]
[SourceTitle "CBM 088 Extra"]
[Source "ChessBase"]
[SourceDate "2002.07.01"]
[SourceVersion "2"]
[SourceVersionDate "2002.07.01"]
[SourceQuality "1"]

1. c4 e6 2. Nf3 Nf6 3. g3 d5 4. Bg2 c5 5. 0-0 Nc6 6. cxd5 exd5 7. d4 Be7 8. Nc3 0-0 9. Bg5 c4 10. Ne5 Be6 11. b3 Qa5 12. Nxc6 bxc6 13. Na4 Rfd8 14. Qc2 Rac8 15. Rfd1 c5 16. Nxc5 Bxc5 17. dxc5 Qxc5 18. bxc4 dxc4 19. Be3 Qa5 20. Bd2 Qc5 21. Be3 Qa5 1/2-1/2

[Event "Alushta 100 anniv"]
[Site "Alushta"]
[Date "2002.04.19"]
[Round "?"]
[White "Kozlov, Viktor Mihail"]
[Black "Zavgorodniy, Sergiy"]
[Result "1/2-1/2"]
[WhiteElo "2325"]
[BlackElo "2389"]
[PlyCount "66"]
[EventDate "2002.04.19"]
[EventType "tourn"]
[EventRounds "13"]
[EventCountry "UKR"]
[EventCategory "8"]
[SourceTitle "CBM 088 Extra"]
[Source "ChessBase"]
[SourceDate "2002.07.01"]
[SourceVersion "2"]
[SourceVersionDate "2002.07.01"]
[SourceQuality "1"]

1. e4 c5 2. Nf3 Nc6 3. d4 cxd4 4. Nxd4 g6 5. c4 Bg7 6. Be3 Nf6 7. Nc3 0-0 8. Be2 d6 9. 0-0 Bd7 10. Rc1 Nxd4 11. Bxd4 Bc6 12. f3 a5 13. b3 Nd7 14. Be3 Nc5 15. Qd2 Qb6 16. Nd5 Bxd5 17. cxd5 Rfc8 18. Rc4 Qa7 19. Rc2 Bh6 20. Rfc1 Bxe3+ 21. Qxe3 Qb6 22. Rc4 Qd8 23. R4c2 Nd7 24. Bb5 Nf6 25. Kf1 Rxc2 26. Rxc2 Rc8 27. Rc4 e6 28. dxe6 fxe6 29. e5 Nd5 30. Qd4 dxe5 31. Qxe5 Kf7 32. Rxc8 Qxc8 33. Bc4 Nb6 1/2-1/2

[Event "Alushta 100 anniv"]
[Site "Alushta"]
[Date "2002.04.19"]
[Round "?"]
[White "Vozovic, Oksana"]
[Black "Kozlov, Viktor Mihail"]
[Result "1/2-1/2"]
[WhiteElo "2297"]
[BlackElo "2325"]
[PlyCount "31"]
[EventDate "2002.04.19"]
[EventType "tourn"]
[EventRounds "13"]
[EventCountry "UKR"]
[EventCategory "8"]
[SourceTitle "CBM 088 Extra"]
[Source "ChessBase"]
[SourceDate "2002.07.01"]
[SourceVersion "2"]
[SourceVersionDate "2002.07.01"]
[SourceQuality "1"]

1. e4 e6 2. d4 d5 3. Nc3 Nf6 4. Bg5 dxe4 5. Nxe4 Nbd7 6. Nf3 h6 7. Nxf6+ Nxf6 8. Bh4 c5 9. Bb5+ Bd7 10. Bxd7+ Qxd7 11. Bxf6 gxf6 12. dxc5 Qxd1+ 13. Rxd1 Bxc5 14. 0-0 Ke7 15. Rd3 Rhd8 16. Rfd1 1/2-1/2

[Event "Tula Suetin Memorial op"]
[Site "Tula"]
[Date "2002.03.23"]
[Round "1"]
[White "Kozlov, Viktor Mihail"]
[Black "Rychagov, Andrey"]
[Result "1/2-1/2"]
[WhiteElo "2349"]
[BlackElo "2544"]
[PlyCount "58"]
[EventDate "2002.03.23"]
[EventType "swiss"]
[EventRounds "9"]
[EventCountry "RUS"]
[SourceTitle "CBM 087 Extra"]
[Source "ChessBase"]
[SourceDate "2002.05.03"]
[SourceVersion "2"]
[SourceVersionDate "2002.08.09"]
[SourceQuality "1"]

1. e4 c5 2. Nf3 e6 3. c3 Nf6 4. e5 Nd5 5. d4 cxd4 6. cxd4 d6 7. Bc4 Nb6 8. Bb3 dxe5 9. Nxe5 Nc6 10. Nxc6 bxc6 11. 0-0 Be7 12. Nc3 0-0 13. Bf4 Ba6 14. Re1 Bc4 15. Bc2 Bf6 16. Be5 Bxe5 17. dxe5 Qxd1 18. Rexd1 Rfd8 19. Rxd8+ Rxd8 20. Rd1 Bd5 21. b3 Kf8 22. f4 Ke7 23. Kf2 h6 24. h4 Nd7 25. Rd4 g5 26. hxg5 hxg5 27. Ra4 Ra8 28. g3 gxf4 29. gxf4 Kf8 1/2-1/2

[Event "St Petersburg White Nights op"]
[Site "St Petersburg"]
[Date "2001.06.15"]
[Round "7"]
[White "Sudakova, Irina"]
[Black "Kozlov, Viktor Mihail"]
[Result "1/2-1/2"]
[WhiteElo "2256"]
[BlackElo "2389"]
[PlyCount "36"]
[EventDate "2001.06.09"]
[EventType "swiss"]
[EventRounds "9"]
[EventCountry "RUS"]
[SourceTitle "CBM 082 Extra"]
[Source "ChessBase"]
[SourceDate "2001.07.03"]
[SourceVersion "1"]
[SourceVersionDate "2001.07.03"]
[SourceQuality "1"]

1. e4 c5 2. Nc3 e6 3. g3 d5 4. exd5 exd5 5. Bg2 Nf6 6. Nge2 d4 7. Ne4 Nxe4 8. Bxe4 Nd7 9. 0-0 Nf6 10. Bg2 Bd6 11. c3 dxc3 12. dxc3 0-0 13. Bf4 Bxf4 14. Nxf4 Qc7 15. Qc2 Bd7 16. Rad1 Bc6 17. Bxc6 Qxc6 18. c4 Rad8 1/2-1/2

[Event "St Petersburg White Nights op"]
[Site "St Petersburg"]
[Date "2001.06.13"]
[Round "5"]
[White "Krassilnikov, Evgeni"]
[Black "Kozlov, Viktor Mihail"]
[Result "0-1"]
[WhiteElo "2257"]
[BlackElo "2389"]
[PlyCount "84"]
[EventDate "2001.06.09"]
[EventType "swiss"]
[EventRounds "9"]
[EventCountry "RUS"]
[SourceTitle "CBM 082 Extra"]
[Source "ChessBase"]
[SourceDate "2001.07.03"]
[SourceVersion "1"]
[SourceVersionDate "2001.07.03"]
[SourceQuality "1"]

1. e4 c5 2. c4 Nc6 3. Nc3 g6 4. g3 Bg7 5. Bg2 Rb8 6. d3 a6 7. Be3 d6 8. Qd2 b5 9. cxb5 axb5 10. Nge2 b4 11. Nd1 Nd4 12. 0-0 e6 13. f4 Ne7 14. g4 Nxe2+ 15. Qxe2 Nc6 16. e5 Nd4 17. Bxd4 cxd4 18. exd6 Qxd6 19. b3 0-0 20. Nb2 Ba6 21. Rac1 Rbc8 22. Nc4 Bxc4 23. Rxc4 Rc7 24. f5 exf5 25. gxf5 Be5 26. Be4 Kg7 27. Qf2 Bf6 28. Rfc1 Bg5 29. Rc6 Rxc6 30. Rxc6 Qxc6 31. Bxc6 Be3 32. Kg2 Bxf2 33. Kxf2 Kf6 34. fxg6 hxg6 35. Bd5 Ke5 36. Bc4 Kf4 37. Bd5 f5 38. Bb7 g5 39. Bd5 Rh8 40. Kg2 Rc8 41. Bc4 Ra8 42. Bd5 Rxa2+ 0-1

[Event "Chigorin Memorial 08th"]
[Site "St Petersburg"]
[Date "2000.11.08"]
[Round "7"]
[White "Kozlov, Viktor Mihail"]
[Black "Dvoirys, Semen I"]
[Result "0-1"]
[WhiteElo "2392"]
[BlackElo "2562"]
[PlyCount "86"]
[EventDate "2000.10.31"]
[EventType "swiss"]
[EventRounds "9"]
[EventCountry "RUS"]
[SourceTitle "EXT 2001"]
[Source "ChessBase"]
[SourceDate "2000.11.22"]
[SourceVersion "1"]
[SourceVersionDate "2000.11.22"]
[SourceQuality "1"]

1. Nf3 c5 2. c4 Nf6 3. Nc3 e6 4. e3 d5 5. d4 a6 6. cxd5 exd5 7. Be2 Nc6 8. 0-0 Bd6 9. dxc5 Bxc5 10. b3 0-0 11. Bb2 Ba7 12. Rc1 Re8 13. Na4 Ne4 14. Nd4 Bd7 15. Nxc6 Bxc6 16. Nc3 Ng5 17. Bg4 d4 18. exd4 Bxd4 19. Qd2 Qf6 20. Nd5 Bxd5 21. Bxd4 Qg6 22. f3 h5 23. h4 hxg4 24. Qxg5 Qxg5 25. hxg5 Rad8 26. Rcd1 Bc6 27. Kf2 Rd5 28. Bb6 Rxg5 29. Rfe1 Rc8 30. fxg4 Rxg4 31. g3 Rg5 32. Rd4 Rb5 33. Rd8+ Rxd8 34. Bxd8 Rf5+ 35. Ke2 Rd5 36. Bc7 Bb5+ 37. Ke3 Rd3+ 38. Kf4 Rd2 39. a4 Bc6 40. a5 Rd3 41. Rb1 f6 42. b4 g5+ 43. Kg4 Bf3+ 0-1

[Event "Chigorin Memorial 08th"]
[Site "St Petersburg"]
[Date "2000.11.06"]
[Round "6"]
[White "Shaposhnikov, Evgeny"]
[Black "Kozlov, Viktor Mihail"]
[Result "1/2-1/2"]
[WhiteElo "2544"]
[BlackElo "2392"]
[PlyCount "107"]
[EventDate "2000.10.31"]
[EventType "swiss"]
[EventRounds "9"]
[EventCountry "RUS"]
[SourceTitle "EXT 2001"]
[Source "ChessBase"]
[SourceDate "2000.11.22"]
[SourceVersion "1"]
[SourceVersionDate "2000.11.22"]
[SourceQuality "1"]

1. d4 d5 2. c4 dxc4 3. e3 e5 4. Bxc4 exd4 5. exd4 Nf6 6. Nf3 Be7 7. Nc3 0-0 8. 0-0 Nc6 9. Be3 Na5 10. Be2 Be6 11. Ne5 Qd6 12. Qd2 Nc6 13. Nxc6 Qxc6 14. Bf3 Qa6 15. a3 c6 16. Qc2 Nd5 17. Be4 Nf6 18. Bf3 Nd5 19. Na4 Qa5 20. Bd2 Qd8 21. Nc5 Bxc5 22. dxc5 Qf6 23. Rfe1 Rfd8 24. Rad1 Rd7 25. Ba5 h6 26. Be4 Re7 27. Qd2 Rae8 28. f3 Qg5 29. Qxg5 hxg5 30. Kf2 g4 31. Bxd5 Bxd5 32. Rxe7 Rxe7 33. fxg4 Re4 34. h3 Rc4 35. Bb4 Rc2+ 36. Rd2 Rxd2+ 37. Bxd2 f6 38. h4 Kf7 39. g5 b6 40. gxf6 Kxf6 41. Bc3+ Kf7 42. g4 g6 43. Ke3 Bb3 44. Kf4 Ke6 45. h5 gxh5 46. gxh5 Bc2 47. h6 bxc5 48. Ba5 Kd5 49. Bc7 Bh7 50. Bd8 Bb1 51. a4 a6 52. Be7 Ke6 53. Bxc5 Kf6 54. a5 1/2-1/2

[Event "Chigorin Memorial 08th"]
[Site "St Petersburg"]
[Date "2000.11.04"]
[Round "4"]
[White "Berelowitsch, Alexander"]
[Black "Kozlov, Viktor Mihail"]
[Result "1/2-1/2"]
[WhiteElo "2517"]
[BlackElo "2392"]
[PlyCount "72"]
[EventDate "2000.10.31"]
[EventType "swiss"]
[EventRounds "9"]
[EventCountry "RUS"]
[SourceTitle "EXT 2001"]
[Source "ChessBase"]
[SourceDate "2000.11.22"]
[SourceVersion "1"]
[SourceVersionDate "2000.11.22"]
[SourceQuality "1"]

1. e4 c5 2. Nf3 e6 3. d4 cxd4 4. Nxd4 Nc6 5. Nc3 Qc7 6. g3 d6 7. Bg2 Nf6 8. Bg5 a6 9. Bxf6 gxf6 10. Nde2 Bh6 11. 0-0 Bd7 12. Nc1 Bf8 13. Nd3 Be7 14. Ne2 0-0 15. Nef4 Kh8 16. c4 Rg8 17. Rc1 Ne5 18. Qd2 Rac8 19. b3 Be8 20. Rfd1 Qb6 21. Qb2 Qa5 22. c5 Nxd3 23. Nxd3 dxc5 24. b4 Qb6 25. Nxc5 a5 26. a3 axb4 27. axb4 Kg7 28. Qc3 Bc6 29. Qd4 Qd8 30. Qe3 Qe8 31. Bf1 b6 32. Nd3 Bb5 33. Rxc8 Qxc8 34. Qxb6 Qb8 35. Qe3 Bxd3 36. Rxd3 Qxb4 1/2-1/2

[Event "Chigorin Memorial 08th"]
[Site "St Petersburg"]
[Date "2000.11.01"]
[Round "2"]
[White "Makarov, Marat"]
[Black "Kozlov, Viktor Mihail"]
[Result "1/2-1/2"]
[WhiteElo "2515"]
[BlackElo "2392"]
[PlyCount "61"]
[EventDate "2000.10.31"]
[EventType "swiss"]
[EventRounds "9"]
[EventCountry "RUS"]
[SourceTitle "EXT 2001"]
[Source "ChessBase"]
[SourceDate "2000.11.22"]
[SourceVersion "1"]
[SourceVersionDate "2000.11.22"]
[SourceQuality "1"]

1. Nf3 c5 2. c4 Nc6 3. Nc3 g6 4. e3 Nf6 5. d4 cxd4 6. exd4 d5 7. Bg5 Ne4 8. cxd5 Nxc3 9. bxc3 Qxd5 10. Qb3 Qxb3 11. axb3 Bg7 12. b4 b6 13. Bb5 Bd7 14. Ba6 Bc8 15. 0-0 Bxa6 16. Rxa6 e6 17. Nd2 0-0 18. Rfa1 Rac8 19. Ne4 h6 20. Bf4 e5 21. dxe5 Nxe5 22. Rxa7 Rc4 23. Bxe5 Bxe5 24. Re1 Bxc3 25. Nxc3 Rxc3 26. Rb7 Rc6 27. g3 Rd8 28. Re3 Rf6 29. Kg2 Rd4 30. Rb3 h5 31. h4 1/2-1/2

[Event "Tula Efremenkov Memorial"]
[Site "Tula"]
[Date "2000.03.??"]
[Round "14"]
[White "Sosulin, Eduard"]
[Black "Kozlov, Viktor Mihail"]
[Result "0-1"]
[WhiteElo "2272"]
[BlackElo "2349"]
[PlyCount "92"]
[EventDate "2000.02.??"]
[EventType "tourn"]
[EventRounds "14"]
[EventCountry "RUS"]
[EventCategory "4"]
[SourceTitle "EXT 2006"]
[Source "ChessBase"]
[SourceDate "2005.11.24"]
[SourceVersion "1"]
[SourceVersionDate "2005.11.24"]
[SourceQuality "1"]

1. d4 Nf6 2. c4 e6 3. Nc3 Bb4 4. Qc2 d6 5. a3 Bxc3+ 6. Qxc3 Nbd7 7. Nf3 b6 8. Bg5 Bb7 9. Nd2 c5 10. dxc5 bxc5 11. e3 a5 12. f3 0-0 13. Bd3 h6 14. Bh4 Qb6 15. 0-0 d5 16. Bf2 a4 17. Rfd1 Rfe8 18. Rab1 Bc6 19. cxd5 exd5 20. e4 dxe4 21. Nxe4 Nxe4 22. fxe4 Qb7 23. b3 Bxe4 24. bxa4 Qc6 25. Bxe4 Rxe4 26. a5 Ra4 27. Bg3 R8xa5 28. Rd6 Qc8 29. Rbd1 Rxa3 30. Qb2 Ra2 31. Qb1 Nf8 32. Rd8 Qc6 33. R8d2 Rxd2 34. Rxd2 c4 35. Rc2 Ne6 36. h3 Nd4 37. Rd2 Nb3 38. Rd6 Qxd6 39. Bxd6 Ra1 40. Qxa1 Nxa1 41. Kf2 Nb3 42. Ke3 f6 43. g4 Kf7 44. h4 g5 45. h5 Ke6 46. Bf8 Na5 0-1

[Event "Tula Efremenkov Memorial"]
[Site "Tula"]
[Date "2000.02.??"]
[Round "4"]
[White "Afromeev, Vladimir"]
[Black "Kozlov, Viktor Mihail"]
[Result "1/2-1/2"]
[WhiteElo "2405"]
[BlackElo "2349"]
[PlyCount "24"]
[EventDate "2000.02.??"]
[EventType "tourn"]
[EventRounds "14"]
[EventCountry "RUS"]
[EventCategory "4"]
[SourceTitle "EXT 2006"]
[Source "ChessBase"]
[SourceDate "2005.11.24"]
[SourceVersion "1"]
[SourceVersionDate "2005.11.24"]
[SourceQuality "1"]

1. e4 e6 2. d4 d5 3. Nc3 dxe4 4. Nxe4 Nd7 5. Nf3 Ngf6 6. Bg5 Be7 7. Bxf6 Nxf6 8. Bd3 0-0 9. 0-0 b6 10. c3 Bb7 11. Qc2 g6 12. Ne5 c5 1/2-1/2